El Parlamento y la causa de la mujer /

Guardado en:
Bibliografiske detaljer
Hovedforfatter: Merino del Río, José
Format: Texto
Fag:
Tags: Tilføj Tag
Ingen Tags, Vær først til at tagge denne postø!

MARC

LEADER 00000 a a2200000 04500
001 17124
003
040
100 |a Merino del Río, José  
245 |a El Parlamento y la causa de la mujer /  |c José Merino del Río  
650 |a PARLAMENTO  
650 |a MUJERES  
650 |a DERECHOS HUMANOS  
650 |a LEGISLACION  
650 |a DISCRIMINACION BASADA EN EL SEXO  
650 |a SOCIALIZACION  
650 |a CULTURA  
773 |g volumen 7, número 1; páginas 177-180  
999 |c 20731  |d 20731